Normal view
MARC view
- Leverson, G. F James, Walter
Entry Personal Name
001 - CONTROL NUMBER
- control field: 77730
003 - CONTROL NUMBER IDENTIFIER
- control field: NUST
005 - DATE AND TIME OF LATEST TRANSACTION
- control field: 20210628205956.0
008 - FIXED-LENGTH DATA ELEMENTS
- fixed length control field: 210628|| aca||aabn | a|a d
040 ## - CATALOGING SOURCE
- Original cataloging agency: NUST
- Transcribing agency: NUST
100 ## - HEADING--PERSONAL NAME
- Personal name: Leverson, G. F James, Walter
670 ## - SOURCE DATA FOUND
- Source citation: Work cat.: (NUST): Leverson, G. F James, Walter., The conduct of war short treatise on its important branches and guiding rules, 2000
